[Event "GER-ch U10"]
[Site "Willingen"]
[Date "2004.06.01"]
[Round "6"]
[White "Voggenreiter, Sara"]
[Black "Priese, Franziska"]
[Result "1-0"]
[WhiteElo "1150"]
[BlackElo "711"]
[PlyCount "123"]
[EventDate "2004.06.??"]
[EventType "swiss"]
[EventRounds "11"]
[EventCountry "GER"]
[SourceTitle "EXT 2005"]
[Source "ChessBase"]
[SourceDate "2004.11.15"]
[SourceVersion "1"]
[SourceVersionDate "2004.11.15"]
[SourceQuality "1"]

1. e4 e5 2. Nf3 Nc6 3. d3 Nf6 4. Nc3 Bc5 5. Bg5 h6 6. Bh4 d6 7. Be2 Bg4 8. 0-0 Qd7 9. Bxf6 gxf6 10. Nd5 0-0-0 11. Nxf6 Qe6 12. Nxg4 Qxg4 13. Nxe5 Qg7 14. Nxc6 bxc6 15. Bg4+ Kb8 16. b3 h5 17. Bh3 d5 18. exd5 cxd5 19. c4 Bd6 20. cxd5 Qe5 21. g3 Rhg8 22. Re1 Qd4 23. Kf1 Qxd5 24. Bg2 Qd4 25. Re2 Bb4 26. Re4 Qc3 27. Rc1 Qb2 28. Rxb4+ Kc8 29. Bh3+ Rd7 30. Bxd7+ Kxd7 31. Rc5 Qa3 32. Rd5+ Kc6 33. Rbd4 h4 34. Qc2+ Kb6 35. Qc4 a6 36. Qb4+ Qxb4 37. Rxb4+ Kc6 38. Rdd4 hxg3 39. fxg3 a5 40. Rbc4+ Kb5 41. b4 Ka4 42. bxa5+ Kxa5 43. Rxc7 Rb8 44. Rxf7 Rb1+ 45. Kg2 Rb2+ 46. Kh3 Rxa2 47. Rf5+ Kb6 48. Rg4 Rc2 49. Rg6+ Rc6 50. Rxc6+ Kxc6 51. g4 Kd6 52. Rf1 Kd5 53. g5 Ke5 54. g6 Ke6 55. g7 Kd5 56. g8Q+ Kd4 57. Qg3 Kd5 58. Rf4 Ke5 59. Qg5+ Kd6 60. Rf6+ Ke7 61. Qg7+ Ke8 62. Rf8# 1-0

[Event "GER-ch U10"]
[Site "Willingen"]
[Date "2004.05.31"]
[Round "4"]
[White "Voggenreiter, Sara"]
[Black "Malici, Nora"]
[Result "0-1"]
[WhiteElo "1150"]
[BlackElo "912"]
[PlyCount "32"]
[EventDate "2004.06.??"]
[EventType "swiss"]
[EventRounds "11"]
[EventCountry "GER"]
[SourceTitle "EXT 2005"]
[Source "ChessBase"]
[SourceDate "2004.11.15"]
[SourceVersion "1"]
[SourceVersionDate "2004.11.15"]
[SourceQuality "1"]

1. e4 e5 2. Nf3 Nc6 3. Bc4 d6 4. d3 Bg4 5. h3 Bh5 6. 0-0 Qf6 7. Nbd2 Nd4 8. g4 Qg6 9. Nxd4 exd4 10. Re1 0-0-0 11. e5 d5 12. Bb3 f5 13. Kf1 fxg4 14. hxg4 Bxg4 15. f3 Bh3+ 16. Ke2 Qg2# 0-1